vufinder Bibliothèque Municipale de Charleval de Provence
Se connecter

métier sérieux (Un)

Book Cover
Auteur principal: Thomas Lilti
D'autres auteurs: Louise Bourgoin William Lebghil Lucie Zhang Vincent Lacoste François Cluzet Adèle Exarchopoulos
Support: DVD
Langue: Francais
Publié: 2024 Le Pacte Paris
Genre: Film
Sujets:
Étiquettes: Ajouter
Pas de Tags !

LEADER 01452ngm0a2200265 450
001 16846185
100 |a 20231201d2024 u u0frey01 ba 
101 0 |a fre 
102 |a FR 
200 0 |a métier sérieux (Un)  |f Thomas Lilti, réal.  |g Thomas Lilti, scénario - Vincent Lacoste, François Cluzet, Adèle Exarchopoulos, Louise Bourgoin, William Lebghil, Lucie Zhang, ... [et al.] act. 
207 1 |a   
210 |a Paris  |c Le Pacte  |d 2024 
215 |a 1 DVD vidéo monoface zone 2 (1 h 37 min)  |c 16/9, coul., (PAL), Son. (Dolby Digital 5.1; français) 
300 |a Langues principales : français; 
330 |a C'est la rentrée. Une nouvelle année scolaire au collège qui voit se retrouver Pierre, Meriem, Fouad, Sophie, Sandrine, Alix et Sofiane, un groupe d'enseignants engagés et soudés. Ils sont rejoints par Benjamin, jeune professeur remplaçant sans expérience et rapidement confronté aux affres du métier. A leur contact, il va découvrir combien la passion de l'enseignement demeure vivante au sein d'une institution pourtant fragilisée. 
700 0 |a Lilti  |b Thomas  |4 370 
702 0 |a Bourgoin  |b Louise  |4 5 
702 0 |a Lebghil  |b William  |4 5 
702 0 |a Zhang  |b Lucie  |4 5 
702 0 |a Lacoste  |b Vincent  |4 5 
702 0 |a Cluzet  |b François  |4 5 
702 0 |a Exarchopoulos  |b Adèle  |4 5 
900 |a Film 
901 |a Accessible au prêt 
995 |a Bibliothèque  |c Bibliothèque  |f 00156006646483  |h 00156006646483  |k F LIL  |o p  |q a  |r gd  |e Bibliothèque 

Options de recherche

Historique de recherche
Recherche avancée

Trouver plus

Nouveautés

Besoin d'aide ?

Contacter un bibliothécaire